| 000 | 00543nam a2200241Ia 4500 | ||
|---|---|---|---|
| 005 | 20251020182451.0 | ||
| 008 | 200515s9999 xx 000 0 und d | ||
| 020 | _a84-95495-42-2 | ||
| 082 | _a621.223/D74 | ||
| 100 | _aDomínguez Gómez, José A. | ||
| 245 | 0 | _aenergías alternativas | |
| 250 | _a2a ed. | ||
| 260 | _aMadrid | ||
| 260 | _bEQUIPO SIRIUS | ||
| 260 | _c2004 | ||
| 300 | _a121 p. | ||
| 300 | _bil. | ||
| 500 | _a1 ejemplar | ||
| 650 | _aENERGIA | ||
| 650 | _aENERGIA ALTERNATIVA | ||
| 942 | _cLIB | ||
| 999 |
_c853 _d853 |
||